| 000 | 01078nam a22002537a 4500 | ||
|---|---|---|---|
| 005 | 20240530110512.0 | ||
| 008 | 151216s2013 ua a g b 000 0 ara d | ||
| 017 |
_a2012/23259 _bمصر . دار الكتب المصرية |
||
| 020 | _a9789776413399 | ||
| 040 | _aEG-CaGPL | ||
| 082 | 0 | 4 |
_221 _a366.6\ _bأ ق |
| 100 | 0 | _aابراهيم شريف عبدالعزيز شريف . | |
| 245 | 1 | 2 |
_aالقيادات المنتخبة و الادارة الرشيدة بالجمعيات الاهلية / _cاعداد ابراهيم شريف عبدالعزيز شريف . |
| 250 | _aط1. | ||
| 260 |
_aالاسكندرية : _bدار الوفاء لدنيا الطباعة و النشر ، _c2013 . |
||
| 300 |
_a335 ص ؛ _c24 سم . |
||
| 504 | _aببليوجرافية : ص 309 - 331 | ||
| 650 | 0 | 4 | _aالجمهيات الاهلية . |
| 650 | 0 | 4 |
_aالجمعيات الاهلية _xتنظيم و ادارة . |
| 650 | 0 | 4 | _aالقادة الاداريون . |
| 650 | 0 | 4 | _aالقيادة الادارية . |
| 942 |
_2ddc _cBK |
||
| 999 |
_c61713 _d61713 |
||